[Event "Superettan(Kamraterna-Vaxjo)"]
[Site "?"]
[Date "2015.01.18"]
[Round "6"]
[White "Andreasson, Ingvar"]
[Black "Alle, Ambjorn"]
[Result "1-0"]
[WhiteElo "2349"]
[BlackElo "2233"]
[PlyCount "134"]

1. c4 c5 2. g3 Nc6 3. Bg2 g6 4. Nc3 Bg7 5. a3 e6 6. b4 d6 7. Rb1 Nge7 8. Nf3
O-O 9. O-O b6 10. e3 Rb8 11. d4 Nf5 12. Ne2 cxd4 13. exd4 Qc7 14. Bb2 Bd7 15.
Rc1 Rfe8 16. h3 a6 17. g4 Nfe7 18. Nc3 Na7 19. Re1 Rec8 20. Ne4 h6 21. Qd2 f5
22. gxf5 gxf5 23. Ng3 Kh7 24. Nh5 Rg8 25. Nf4 Qc8 26. Nxe6 Bxe6 27. d5 Bxb2 28.
Qxb2 Ng6 29. Rxe6 Qf8 30. Kh2 Nf4 31. Nh4 Nxe6 32. dxe6 Qe7 33. Nxf5 Qxe6 34.
Ng3 Qe5 35. Qb1+ Kh8 36. Re1 Qg7 37. Re6 Rbf8 38. Qe1 Nc8 39. Bd5 Qg5 40. Kg2
Rg7 41. h4 Qf4 42. Re8 Qf6 43. Re6 Qf4 44. Re8 Qf6 45. Re6 Qf4 46. Qe2 Rgf7 47.
Qh5 Rf6 48. Re2 Kg7 49. Kh3 a5 50. bxa5 bxa5 51. Rb2 Kh8 52. Rb7 Qe5 53. Qg4
Ne7 54. Qd7 R6f7 55. Bxf7 Rxf7 56. h5 Kg7 57. Qg4+ Kh8 58. Qe4 Qf6 59. Rb8+ Ng8
60. Qg4 Rg7 61. Qe2 Re7 62. Qd2 Qe6+ 63. Kg2 Rf7 64. Qd4+ Rf6 65. Rb7 Qe5 66.
Qd3 Ne7 67. Qe4 Qb2 1-0

[Event "Superettan(Kamraterna-Vaxjo)"]
[Site "?"]
[Date "2015.01.18"]
[Round "6"]
[White "Olofsson-Dolk, Mattis"]
[Black "Nyberg, Ulf"]
[Result "1-0"]
[WhiteElo "2228"]
[BlackElo "2137"]
[PlyCount "69"]
[SourceDate "2015.01.30"]

1. e4 e5 2. Nf3 Nc6 3. Bb5 a6 4. Ba4 Nf6 5. O-O Be7 6. Re1 b5 7. Bb3 d6 8. c3
O-O 9. h3 h6 10. d4 Re8 11. Nbd2 Bf8 12. Nf1 Bb7 13. Ng3 Na5 14. Bc2 Nc4 15. a4
Nb6 16. a5 Nbd7 17. Kh1 d5 18. dxe5 dxe4 19. Nxe4 Nxe5 20. Qxd8 Raxd8 21. Nxf6+
gxf6 22. Nd4 Ng6 23. Be3 Nh4 24. f3 c5 25. Nb3 c4 26. Nd4 Re5 27. Bf4 Rc5 28.
Bg3 Rh5 29. Rad1 Bc5 30. Bxh4 Rxh4 31. Nf5 Rxd1 32. Rxd1 Rh5 33. Rd7 Bc6 34.
Rd8+ Bf8 35. Ne7+ 1-0

[Event "Superettan(Kamraterna-Vaxjo)"]
[Site "?"]
[Date "2015.01.18"]
[Round "6"]
[White "Svenn, Gosta"]
[Black "Moren, Bjorn"]
[Result "1/2-1/2"]
[WhiteElo "2300"]
[BlackElo "2103"]
[PlyCount "116"]

1. d4 d5 2. c4 dxc4 3. Nf3 Nf6 4. e3 Bg4 5. Bxc4 e6 6. O-O Nc6 7. b3 Bd6 8. Bb2
O-O 9. Nbd2 Qe7 10. Bb5 Rad8 11. Bxc6 bxc6 12. Qc2 c5 13. dxc5 Bxc5 14. Ne5 Qd6
15. Nxg4 Nxg4 16. Nf3 Qb6 17. Qc3 Nf6 18. Rac1 Rd5 19. Qc4 Rfd8 20. Bxf6 gxf6
21. Qh4 Be7 22. e4 Rc5 23. e5 Rxc1 24. Rxc1 Qc5 25. Re1 Qc3 26. h3 Rd7 27. Qg4+
Kh8 28. Qh5 Bf8 29. exf6 Qxf6 30. Ne5 Rd5 31. Qxf7 Qxf7 32. Nxf7+ Kg7 33. Ne5
Bd6 34. Nc4 Kf6 35. g3 Rd3 36. Kg2 Rc3 37. Re2 Rc1 38. Rd2 Ke7 39. h4 Bb4 40.
Re2 a5 41. Ne5 Bd6 42. Kf3 Rc3+ 43. Ke4 a4 44. bxa4 Ra3 45. Nc4 Rxa4 46. Rc2
Bc5 47. f3 Kf6 48. g4 Bd6 49. f4 h6 50. Kf3 Kg6 51. a3 Kf6 52. Rc3 Kg6 53. h5+
Kf6 54. Ke4 Bxa3 55. Rxa3 Rxc4+ 56. Ke3 e5 57. fxe5+ Kxe5 58. Ra5+ Kf6 1/2-1/2

[Event "Superettan(Kamraterna-Vaxjo)"]
[Site "?"]
[Date "2015.01.18"]
[Round "6"]
[White "Gutzmann, Tobias"]
[Black "Andersson, Michael"]
[Result "1/2-1/2"]
[WhiteElo "2101"]
[BlackElo "2136"]
[PlyCount "27"]

1. d4 g6 2. c4 Bg7 3. e4 c5 4. Nf3 cxd4 5. Nxd4 Qb6 6. Nb5 Nc6 7. N1c3 Nf6 8.
Nd5 Nxd5 9. cxd5 a6 10. Be3 Qa5+ 11. Bd2 Qb6 12. Be3 Qa5+ 13. Bd2 Qb6 14. Be3
1/2-1/2

[Event "Superettan(Kamraterna-Vaxjo)"]
[Site "?"]
[Date "2015.01.18"]
[Round "6"]
[White "Madebrink, Lars"]
[Black "Sevastianov, Andrii"]
[Result "1/2-1/2"]
[WhiteElo "2185"]
[BlackElo "2071"]
[PlyCount "72"]

1. d4 d5 2. c4 dxc4 3. Nf3 Nf6 4. Qa4+ c6 5. Qxc4 Nbd7 6. Nc3 Nb6 7. Qb3 Bf5 8.
Bg5 Ne4 9. Bh4 Nxc3 10. bxc3 Qd5 11. e3 e6 12. Be2 Qxb3 13. axb3 Be7 14. Bg3
Nd5 15. Kd2 Nf6 16. Bd3 Ne4+ 17. Bxe4 Bxe4 18. Ra5 Bxf3 19. gxf3 O-O 20. b4 a6
21. Bc7 Rac8 22. Bb6 Bd8 23. Bxd8 Rfxd8 24. c4 g6 25. Rha1 Rd7 26. Ke2 h5 27.
f4 Kg7 28. R1a2 Kf6 29. b5 axb5 30. cxb5 cxb5 31. Rxb5 Rc1 32. Kf3 Rc3 33. Ra7
Rcc7 34. Ke4 Rc2 35. Kf3 Rcc7 36. Ke4 Rc2 1/2-1/2

[Event "Superettan(Manhem-Limhamn II)"]
[Site "?"]
[Date "2015.01.18"]
[Round "6"]
[White "Mansson, Lars"]
[Black "Welin, Mats"]
[Result "1/2-1/2"]
[WhiteElo "2224"]
[BlackElo "2312"]
[PlyCount "61"]

1. e4 e5 2. Nf3 Nc6 3. Nc3 Nf6 4. Bb5 Bd6 5. O-O O-O 6. d3 h6 7. Ne2 a6 8. Bxc6
dxc6 9. Ng3 Re8 10. Kh1 Nh7 11. Ng1 Nf8 12. f4 exf4 13. Bxf4 Bxf4 14. Rxf4 c5
15. Nf5 Ng6 16. Rf1 Be6 17. Ne2 Qg5 18. Neg3 Kh7 19. Qe1 b6 20. Qc3 Rg8 21. Rf3
f6 22. Raf1 Rad8 23. a3 a5 24. Ne2 Bxf5 25. Rxf5 Qe3 26. R5f3 Qg5 27. Rf5 Qe3
28. R5f3 Qg5 29. Rf5 Qe3 30. R5f3 Qg5 31. Rf5 1/2-1/2

[Event "Superettan(Manhem-Limhamn II)"]
[Site "?"]
[Date "2015.01.18"]
[Round "6"]
[White "Moberg, Karl Johan"]
[Black "Golubenko, Valeriy"]
[Result "1/2-1/2"]
[WhiteElo "2299"]
[BlackElo "2225"]
[PlyCount "44"]
[EventDate "2015.??.??"]

1. d4 c5 2. d5 Nf6 3. c4 b5 4. Nf3 Bb7 5. a4 bxc4 6. Nc3 e6 7. e4 Nxe4 8. Nxe4
exd5 9. Nc3 d4 10. Bxc4 dxc3 11. Qb3 Qb6 12. Bxf7+ Kd8 13. Qxc3 Qb4 14. O-O
Qxc3 15. bxc3 Bxf3 16. gxf3 Kc7 17. Rd1 Bd6 18. Be3 Rf8 19. Bd5 Nc6 20. Ra2
Rad8 21. Rb2 h6 22. Rb5 a6 1/2-1/2

[Event "Superettan(Manhem-Limhamn II)"]
[Site "?"]
[Date "2015.01.18"]
[Round "6"]
[White "Tadjerbashi, Amir"]
[Black "Hultin, Johan"]
[Result "1-0"]
[WhiteElo "2205"]
[BlackElo "2363"]
[PlyCount "103"]
[EventDate "2015.??.??"]

1. e4 c5 2. Nf3 d6 3. d4 cxd4 4. Nxd4 Nf6 5. Nc3 a6 6. g3 e5 7. Nde2 Be6 8. Bg2
Nbd7 9. h3 h5 10. a4 Rc8 11. O-O Be7 12. Be3 Rc6 13. Nd5 Bxd5 14. exd5 Rc8 15.
a5 h4 16. g4 Nh7 17. Nc3 Rxc3 18. bxc3 Bg5 19. f4 exf4 20. Bxf4 Bxf4 21. Rxf4
Ne5 22. Qd4 Nf8 23. Qb4 Qc7 24. Rb1 Nfg6 25. Re4 O-O 26. c4 f5 27. gxf5 Rxf5
28. Qb6 Qe7 29. Qe3 Rg5 30. Kh1 Rg3 31. Qf2 Qg5 32. Rb3 Rxb3 33. cxb3 Nd3 34.
Re8+ Kh7 35. Qe3 Ndf4 36. Be4 Kh6 37. Qf3 Qf6 38. Qf2 Qc3 39. Rh8+ Kg5 40. Bxg6
Qxh3+ 41. Kg1 Qg4+ 42. Kh2 Qh3+ 43. Kg1 Nxg6 44. Re8 Nf4 45. Re3 Qf5 46. Kh2
Kh5 47. Qf3+ Kh6 48. Re6+ g6 49. Re4 Kg5 50. c5 Nxd5 51. Qxf5+ gxf5 52. cxd6
1-0

[Event "Superettan(Manhem-Limhamn II)"]
[Site "?"]
[Date "2015.01.18"]
[Round "6"]
[White "Al Hadarani, Hatim"]
[Black "Holst, Conny"]
[Result "1-0"]
[WhiteElo "2273"]
[BlackElo "2197"]
[PlyCount "109"]

1. d4 Nf6 2. Bg5 e6 3. Nd2 h6 4. Bh4 c5 5. e3 Nc6 6. c3 cxd4 7. exd4 Be7 8.
Ngf3 O-O 9. Bd3 b6 10. O-O Bb7 11. Qe2 Nd5 12. Bg3 f5 13. h3 Rc8 14. a3 Bg5 15.
Nxg5 Qxg5 16. Nf3 Qe7 17. Rfe1 Rce8 18. Qc2 g5 19. c4 Nf4 20. Bxf4 gxf4 21. d5
Nd8 22. Rad1 Qf6 23. Ne5 Re7 24. Qa4 d6 25. Nc6 Bxc6 26. dxc6 e5 27. c5 dxc5
28. Bb5 e4 29. Rd7 Rxd7 30. cxd7 Kh8 31. Bc4 Qxb2 32. Qd1 Qf6 33. Qh5 Qg5 34.
Qe8 Kg7 35. Kh1 Nc6 36. Rg1 h5 37. Rd1 Nd4 38. Bf7 h4 39. Bh5 Qf6 40. Qc8 Rd8
41. Qc7 f3 42. gxf3 Nxf3 43. Bxf3 exf3 44. Qf4 Kf7 45. Rd6 Qa1+ 46. Kh2 Ke7 47.
Rd5 Qf6 48. Qe3+ Kf8 49. Qf4 Ke7 50. Qe3+ Kf8 51. Qf4 Ke7 52. Rxf5 Qd4 53. Qg5+
Kxd7 54. Rd5+ Kc7 55. Qxd8+ 1-0

[Event "Superettan(Manhem-Limhamn II)"]
[Site "?"]
[Date "2015.01.18"]
[Round "6"]
[White "Mansson, Peter"]
[Black "Landgren, Philip"]
[Result "1/2-1/2"]
[WhiteElo "2144"]
[BlackElo "2248"]
[PlyCount "81"]

1. e4 e6 2. Nf3 d5 3. Nc3 d4 4. Ne2 c5 5. Ng3 Nc6 6. Bb5 Bd7 7. Bxc6 Bxc6 8.
Ne5 Qc7 9. Nxc6 Qxc6 10. d3 g6 11. f4 h5 12. Qf3 f5 13. O-O Nf6 14. Re1 h4 15.
Nh1 O-O-O 16. Nf2 Kb8 17. Bd2 Bh6 18. b4 c4 19. b5 Qc5 20. c3 cxd3 21. cxd4
fxe4 22. Nxe4 Qf5 23. Nf2 Qxb5 24. Rab1 Qd5 25. Qxd3 Nh5 26. Rb5 Qd7 27. Reb1
b6 28. Ba5 Nxf4 29. Bxb6 Nxd3 30. Bxd8+ Qxb5 31. Rxb5+ Kc8 32. Bxh4 Be3 33. Rb3
Rxh4 34. Rxd3 Bxd4 35. Rf3 Kd7 36. g3 Bxf2+ 37. Rxf2 Ra4 38. Rd2+ Ke7 39. Kf2
Ra3 40. Kg2 Kf6 41. Rf2+ 1/2-1/2

[Event "Superettan(Manhem-Limhamn II)"]
[Site "?"]
[Date "2015.01.18"]
[Round "6"]
[White "Akesson, Joel"]
[Black "Ollen, Martin"]
[Result "1-0"]
[WhiteElo "2283"]
[BlackElo "2017"]
[PlyCount "59"]

1. c4 Nf6 2. g3 g6 3. Bg2 Bg7 4. Nc3 d6 5. d3 c6 6. e4 O-O 7. Nge2 Nh5 8. O-O
f5 9. d4 e5 10. dxe5 Bxe5 11. Bh6 Ng7 12. exf5 Bxf5 13. Nd4 Qb6 14. Nxf5 Rxf5
15. Qd2 Na6 16. Be3 Qb4 17. Ne4 Qxd2 18. Bxd2 Raf8 19. Be3 d5 20. cxd5 cxd5 21.
f4 Bxb2 22. Rab1 d4 23. Bf2 Rb5 24. Ng5 Rb4 25. Bd5+ Kh8 26. Nf7+ Rxf7 27. Bxf7
Nf5 28. Rfd1 Ne3 29. Rd3 Nc5 30. Rxd4 1-0

[Event "Superettan(Manhem-Limhamn II)"]
[Site "?"]
[Date "2015.01.18"]
[Round "6"]
[White "Astrom, Lars"]
[Black "Kinnmark, Ove"]
[Result "0-1"]
[WhiteElo "2102"]
[BlackElo "2219"]
[PlyCount "102"]

1. e4 d5 2. exd5 Qxd5 3. Nf3 Bg4 4. Be2 Nf6 5. d4 e6 6. c4 Qd8 7. Be3 c6 8. Nc3
Be7 9. O-O O-O 10. h3 Bh5 11. g4 Bg6 12. Ne5 Nfd7 13. Nxg6 hxg6 14. f4 Na6 15.
c5 Nc7 16. b4 Nf6 17. Qd2 Ncd5 18. Nxd5 Nxd5 19. g5 Qd7 20. a4 Bd8 21. Rab1 a6
22. Bf3 Bc7 23. Kg2 Rfd8 24. Rfd1 Qe8 25. Bxd5 Rxd5 26. Qe2 Rf5 27. Rf1 Qd7 28.
Rb2 Rf8 29. Rf2 f6 30. Qc4 Kh7 31. Rbd2 Rd5 32. Qc2 Rf5 33. Qe4 Rd5 34. h4 Rf5
35. Kf1 Kg8 36. Ke1 a5 37. b5 cxb5 38. Qxb7 Rb8 39. Qe4 bxa4 40. gxf6 gxf6 41.
Rg2 Kf7 42. h5 gxh5 43. Rb2 Rxb2 44. Rxb2 a3 45. Rb3 Qd5 46. Qxd5 Rxd5 47. Rxa3
e5 48. dxe5 fxe5 49. fxe5 Rxe5 50. Kf2 h4 51. Kg2 Re4 0-1

[Event "Superettan(Upsala-Schack 08)"]
[Site "?"]
[Date "2015.03.07"]
[Round "6"]
[White "Laveryd, Peter"]
[Black "Malm Lindberg, Henrik"]
[Result "1-0"]
[WhiteElo "2395"]
[BlackElo "2275"]
[PlyCount "77"]
[EventDate "2015.??.??"]
[SourceDate "2015.03.12"]

1. e4 c5 2. Nf3 e6 3. c3 Nf6 4. Bd3 b6 5. Qe2 Bb7 6. Bc2 Nc6 7. d3 Be7 8. Bg5
d6 9. Nbd2 O-O 10. O-O b5 11. d4 cxd4 12. cxd4 Rb8 13. e5 dxe5 14. dxe5 Nd5 15.
h4 Re8 16. Ne4 Qc7 17. Bxe7 Rxe7 18. Nd6 f5 19. exf6 gxf6 20. Nxb7 Rxb7 21. g3
Qb6 22. Rad1 Rbd7 23. Rfe1 a6 24. Bb3 Kg7 25. h5 Qd8 26. Qe4 Qe8 27. Qh4 Qf7
28. Rc1 Ncb4 29. Rc8 Re8 30. Qg4+ Kh6 31. Rxe8 Qxe8 32. Rxe6 Qxh5 33. Qe4 Qg6
34. Qh4+ Qh5 35. Rxf6+ Nxf6 36. Qxf6+ Qg6 37. Qf8+ Qg7 38. Qf4+ Kh5 39. Qh4+
1-0

[Event "Superettan(Upsala-Schack 08)"]
[Site "?"]
[Date "2015.03.07"]
[Round "6"]
[White "Johansson, Jan"]
[Black "Faldt, Magnus"]
[Result "1-0"]
[WhiteElo "2378"]
[BlackElo "2192"]
[PlyCount "85"]

1. d4 d5 2. Nf3 Nf6 3. c4 c6 4. Qc2 a6 5. Nbd2 Bg4 6. e3 e6 7. Bd3 Nbd7 8. O-O
Be7 9. b3 Bh5 10. Bb2 Bg6 11. Rad1 O-O 12. e4 dxe4 13. Nxe4 Nxe4 14. Bxe4 Qc7
15. Rfe1 Rad8 16. Bc3 Nf6 17. Bxg6 hxg6 18. Qe2 Rfe8 19. Rd3 Bf8 20. b4 b5 21.
c5 Nd5 22. Bd2 Be7 23. Ne5 Bf6 24. Qf3 Bxe5 25. dxe5 Ra8 26. h4 a5 27. bxa5 Qe7
28. h5 g5 29. h6 gxh6 30. Qh5 Kg7 31. Rg3 f6 32. exf6+ Nxf6 33. Bc3 Kh7 34. Qe2
e5 35. Qc2+ e4 36. Bxf6 Qxf6 37. Rxe4 Qg6 38. Rge3 Rxe4 39. Rxe4 Ra7 40. Qe2
Rf7 41. Re6 Rf6 42. Rxf6 Qxf6 43. a6 1-0

[Event "Superettan(Upsala-Schack 08)"]
[Site "?"]
[Date "2015.03.07"]
[Round "6"]
[White "Andersson, Bo"]
[Black "Andersson, Fredrik"]
[Result "1/2-1/2"]
[WhiteElo "2001"]
[BlackElo "2270"]
[PlyCount "56"]

1. d4 Nf6 2. g3 g6 3. Bg2 Bg7 4. e4 d6 5. Ne2 O-O 6. O-O Nbd7 7. h3 c6 8. c4 e5
9. Be3 exd4 10. Bxd4 Nb6 11. Nd2 d5 12. cxd5 cxd5 13. e5 Nfd7 14. f4 Nb8 15.
Qb3 Be6 16. a4 Nc6 17. Bc5 Re8 18. Nd4 Nc4 19. N2f3 Nxd4 20. Bxd4 Qd7 21. Kh2
h5 22. Rfd1 Red8 23. Rac1 Qc7 24. Bf2 Bh6 25. Rd4 Rd7 26. Rcd1 Rc8 27. Ng1 Rcd8
28. Ne2 Na5 1/2-1/2

[Event "Superettan(Upsala-Schack 08)"]
[Site "?"]
[Date "2015.03.07"]
[Round "6"]
[White "Thorgeirsson, Sverrir"]
[Black "Lindstrom, Andreas"]
[Result "1-0"]
[WhiteElo "2260"]
[BlackElo "1926"]
[PlyCount "71"]

1. d4 Nf6 2. c4 e6 3. Nc3 Bb4 4. Qc2 c5 5. dxc5 Bxc5 6. Bf4 Nc6 7. Nf3 d6 8. e3
e5 9. Bg5 h6 10. Bh4 g5 11. Bg3 Bg4 12. Be2 Qe7 13. a3 Bh5 14. Rd1 Bg6 15. Qa4
O-O 16. O-O e4 17. Nd4 Ne5 18. Rd2 h5 19. h4 gxh4 20. Bxh4 Ned7 21. b4 Bxd4 22.
Rxd4 Qe5 23. Bg3 Qg5 24. Bxd6 h4 25. Bf4 Qf5 26. Qb5 h3 27. Rfd1 hxg2 28. Kxg2
Kg7 29. Qa5 Rh8 30. Qxf5 Bxf5 31. Rd6 Rad8 32. Rh1 Rxh1 33. Kxh1 Ng4 34. Kg1
Kh8 35. Bxg4 Bxg4 36. Nxe4 1-0

[Event "Superettan(Upsala-Schack 08)"]
[Site "?"]
[Date "2015.03.07"]
[Round "6"]
[White "Eriksson, Sven"]
[Black "Burwick, Malte"]
[Result "0-1"]
[WhiteElo "1825"]
[BlackElo "2231"]
[PlyCount "90"]

1. d4 g6 2. Nf3 Bg7 3. Bf4 d6 4. h3 Nd7 5. e3 Ngf6 6. Be2 O-O 7. O-O c5 8. c4
Qb6 9. Qb3 Re8 10. Nc3 Qxb3 11. axb3 a6 12. Rfd1 Rb8 13. Rd2 b6 14. Bh2 Bb7 15.
Ne1 Bh6 16. Bf3 cxd4 17. Rxd4 Nc5 18. Bxb7 Rxb7 19. Ra3 a5 20. Rd1 Bg7 21. Nd3
Nxd3 22. Rxd3 Nd7 23. Rd5 Nc5 24. Kf1 Rc8 25. f3 f5 26. g4 fxg4 27. hxg4 Kf7
28. Ke2 Rc6 29. Rd2 Bxc3 30. bxc3 b5 31. b4 axb4 32. cxb4 Na6 33. cxb5 Rxb5 34.
Bf4 Rxb4 35. Rda2 Nc7 36. e4 Nb5 37. Rd3 Nc3+ 38. Rxc3 Rxc3 39. Bd2 Rbb3 40.
Bxc3 Rxc3 41. Rd2 Ke6 42. Rd5 Rc5 43. Rd2 Ke5 44. Kf2 Kf4 45. Re2 Rc3 0-1

[Event "Superettan(Upsala-Schack 08)"]
[Site "?"]
[Date "2015.03.07"]
[Round "6"]
[White "Glimbrant, Torbjorn"]
[Black "Larsson, Roger"]
[Result "1-0"]
[WhiteElo "2242"]
[BlackElo "1967"]
[PlyCount "35"]

1. d4 d5 2. c4 e6 3. Nc3 c6 4. e3 f5 5. f4 Nf6 6. Nf3 Be7 7. Bd3 O-O 8. O-O Ne4
9. Qb3 Nxc3 10. bxc3 Nd7 11. a4 b6 12. cxd5 exd5 13. c4 Bb7 14. a5 Rb8 15. cxd5
cxd5 16. axb6 axb6 17. Ra7 g6 18. Rxb7 1-0

[Event "Superettan(Upsala-Schack 08)"]
[Site "?"]
[Date "2015.03.07"]
[Round "6"]
[White "Eriksson, Magnus"]
[Black "Johansson, Carl Fredrik"]
[Result "0-1"]
[WhiteElo "1719"]
[BlackElo "2127"]
[PlyCount "60"]

1. d4 d5 2. Nf3 e6 3. Bf4 f5 4. e3 Nf6 5. Bd3 Be7 6. O-O O-O 7. Nbd2 b6 8. Ne5
Bb7 9. h3 Nbd7 10. Ndf3 Ne4 11. Nxd7 Qxd7 12. Ne5 Qe8 13. Qe2 Kh8 14. a4 a6 15.
Bxe4 dxe4 16. Rfc1 a5 17. Qb5 Qh5 18. Qd7 Bd6 19. Qxe6 Rae8 20. Qc4 g5 21. Bh2
f4 22. Ng4 Bc8 23. Rf1 f3 24. Bxd6 cxd6 25. Rfd1 Bxg4 26. hxg4 Qxg4 27. g3 Qh3
28. Qf1 Qh5 29. Qb5 Re6 30. Kf1 Qh1# 0-1

[Event "Superettan(Upsala-Schack 08)"]
[Site "?"]
[Date "2015.03.07"]
[Round "6"]
[White "Johansson, Thomas"]
[Black "Norager, Mattias"]
[Result "1-0"]
[WhiteElo "2208"]
[BlackElo "1763"]
[PlyCount "95"]

1. d4 f5 2. g3 Nf6 3. Bg2 e6 4. Nf3 c5 5. O-O Nc6 6. c4 cxd4 7. Nxd4 Bc5 8. Nb3
Bb6 9. Nc3 a6 10. c5 Ba7 11. Bf4 O-O 12. Bd6 Rf7 13. e4 Ne8 14. exf5 Rxf5 15.
Ne4 b6 16. cxb6 Bxb6 17. Bc5 Bxc5 18. Nexc5 d5 19. Rc1 Qf6 20. Nxe6 Qxe6 21.
Rxc6 Qd7 22. Nd4 Rf6 23. Rc5 Bb7 24. Qc2 Rd8 25. Rd1 Qf7 26. f4 Rfd6 27. Nf3
Nf6 28. Rc7 R8d7 29. Rxd7 Qxd7 30. Ne5 Qb5 31. Qc7 Qb6+ 32. Qxb6 Rxb6 33. b3
Kf8 34. Rc1 d4 35. Bxb7 Rxb7 36. Rc4 Nd7 37. Rc8+ Ke7 38. Nc6+ Kd6 39. Nxd4 Kd5
40. Nf3 h6 41. Rc4 Nf6 42. Ra4 Rb6 43. Kf2 Ng4+ 44. Ke2 Re6+ 45. Kd2 Re3 46.
Ne5 Re4 47. Rxe4 Kxe4 48. Nxg4 1-0

[Event "Superettan(Limhamn II-Burgsvik)"]
[Site "?"]
[Date "2015.03.20"]
[Round "7"]
[White "Fries Nielsen, Niels J"]
[Black "Mansson, Lars"]
[Result "1-0"]
[WhiteElo "2333"]
[BlackElo "2229"]
[PlyCount "121"]
[SourceDate "2015.03.28"]

1. Nf3 Nf6 2. d4 d5 3. e3 c6 4. Bd3 Bg4 5. h3 Bh5 6. g4 Bg6 7. Ne5 Nbd7 8. g5
Nxe5 9. dxe5 Bh5 10. Be2 Bxe2 11. Qxe2 Ne4 12. h4 e6 13. Rg1 Qc7 14. f3 Nc5 15.
f4 O-O-O 16. Nc3 Be7 17. Bd2 d4 18. exd4 Rxd4 19. O-O-O Na4 20. Nxa4 Rxa4 21.
Kb1 Bc5 22. Rgf1 Rd8 23. Bc1 g6 24. c3 Rd5 25. b3 Ra6 26. h5 Be7 27. hxg6 hxg6
28. Rh1 Qd8 29. c4 Rxd1 30. Rxd1 Qa5 31. Be3 b5 32. c5 Qc3 33. Rc1 Qb4 34. Qd3
Qa5 35. Qd2 b4 36. Rc4 Kc7 37. Qh2 Kd7 38. Qc2 Ke8 39. Bd2 Qd8 40. Bxb4 Qd5 41.
Qd2 Qh1+ 42. Kb2 Qg1 43. a3 Qf1 44. Rc1 Qb5 45. Rd1 Qb7 46. Qd3 Qb5 47. Rd2
Qxd3 48. Rxd3 Bf8 49. Kc3 Be7 50. Kc4 Bf8 51. a4 Be7 52. Rh3 Bf8 53. Bc3 Be7
54. a5 Bd8 55. b4 Bxa5 56. bxa5 Kd7 57. Rd3+ Ke7 58. Kd4 Kd7 59. Ke4+ Ke7 60.
Rd6 Ke8 61. f5 1-0

[Event "Superettan(Limhamn II-Burgsvik)"]
[Site "?"]
[Date "2015.03.20"]
[Round "7"]
[White "Holst, Conny"]
[Black "Fries Nielsen, Jens Ove"]
[Result "0-1"]
[WhiteElo "2209"]
[BlackElo "2457"]
[PlyCount "146"]

1. d4 d6 2. e4 a6 3. Nf3 Nf6 4. Nc3 e6 5. Bd3 Be7 6. O-O Nc6 7. e5 dxe5 8. dxe5
Nd7 9. Qe2 g5 10. Be4 Ncxe5 11. Nxe5 Nxe5 12. Bxb7 Bxb7 13. Qxe5 Bf6 14. Qa5
Qd6 15. Be3 O-O-O 16. Qc5 Qxc5 17. Bxc5 Rd2 18. Rac1 g4 19. Be3 Rd6 20. Na4 Bc6
21. b3 h5 22. Nc5 h4 23. a4 h3 24. g3 Bf3 25. c3 Rh5 26. Rfe1 Be7 27. b4 Rc6
28. Bd4 Bxc5 29. bxc5 Rhxc5 30. Bxc5 Rxc5 31. Re3 Ra5 32. Ra1 Bg2 33. f4 gxf3
34. Kf2 Rd5 35. Ra2 Kd7 36. Re4 c5 37. g4 Ke7 38. Rb2 Kf6 39. Rf4+ Kg6 40. a5
f6 41. Re4 e5 42. Rc4 Kg5 43. Ra2 Rd1 44. Kg3 f2 45. Kxf2 Bd5 46. Raa4 Rd2+ 47.
Kg3 Rd3+ 48. Kf2 Bxc4 49. Rxc4 Kh4 50. Ke2 e4 51. Rxe4 Rxc3 52. Re6 Kxg4 53.
Rxf6 Rc2+ 54. Kf1 Rxh2 55. Rxa6 Ra2 56. Kg1 Kf3 57. Ra8 Ke4 58. a6 Kd4 59. Kh1
Kc3 60. a7 c4 61. Kg1 Rg2+ 62. Kh1 Rg7 63. Kh2 Rh7 64. Kg1 Rd7 65. Kh2 Kd3 66.
Kxh3 c3 67. Kg2 c2 68. Rc8 Rxa7 69. Rd8+ Ke2 70. Re8+ Kd2 71. Rd8+ Kc1 72. Kf2
Rb7 73. Ke2 Kb1 0-1

[Event "Superettan(Limhamn II-Burgsvik)"]
[Site "?"]
[Date "2015.03.20"]
[Round "7"]
[White "Andersson, Tommy"]
[Black "Penalver, Osmani"]
[Result "1-0"]
[WhiteElo "2374"]
[BlackElo "2289"]
[PlyCount "61"]

1. d4 Nf6 2. c4 e6 3. Nf3 b6 4. g3 Ba6 5. Qa4 Be7 6. Bg2 O-O 7. Nc3 c6 8. Bf4
Bb7 9. O-O d5 10. Rfd1 a6 11. Qb3 Nbd7 12. Ne5 b5 13. c5 Nxe5 14. Bxe5 Ng4 15.
Bf4 e5 16. dxe5 Bxc5 17. Ne4 Ba7 18. h3 f5 19. exf6 Nxf6 20. Nd6 Bxf2+ 21. Kh2
Ra7 22. e4 c5 23. Nxb7 Rxb7 24. e5 c4 25. Qc2 Ng4+ 26. hxg4 Rxf4 27. Bxd5+ Kh8
28. Bxb7 Bd4 29. Rf1 Rxg4 30. Qf5 Bg1+ 31. Kh3 1-0

[Event "Superettan(Limhamn II-Burgsvik)"]
[Site "?"]
[Date "2015.03.20"]
[Round "7"]
[White "Golubenko, Valeriy"]
[Black "Krupenski, Juri"]
[Result "0-1"]
[WhiteElo "2239"]
[BlackElo "2259"]
[PlyCount "66"]

1. d4 Nf6 2. Nf3 e6 3. g3 b6 4. Bg2 Bb7 5. O-O c5 6. c4 cxd4 7. Qxd4 Be7 8. Nc3
d6 9. Rd1 a6 10. b3 Nbd7 11. Bb2 O-O 12. Rac1 Qb8 13. Qf4 Re8 14. e4 b5 15. Ba3
Ne5 16. cxb5 axb5 17. Bb4 Rd8 18. Nxe5 dxe5 19. Rxd8+ Bxd8 20. Qe3 Nd7 21. Qd3
Bc6 22. Bf1 Qb7 23. Rd1 h6 24. a3 Nf6 25. f3 Bb6+ 26. Kh1 Bd4 27. Bg2 h5 28.
Ne2 Bb6 29. Qc3 Nxe4 30. fxe4 Bxe4 31. Rg1 Bxg1 32. Kxg1 Bxg2 33. Qxe5 Qf3 0-1

[Event "Superettan(Limhamn II-Burgsvik)"]
[Site "?"]
[Date "2015.03.20"]
[Round "7"]
[White "Linusson, Pelle"]
[Black "Mansson, Peter"]
[Result "1-0"]
[WhiteElo "2212"]
[BlackElo "2131"]
[PlyCount "71"]

1. d4 Nf6 2. c4 c5 3. d5 e6 4. Nc3 exd5 5. cxd5 d6 6. Nf3 g6 7. Bf4 Bg7 8. Qa4+
Bd7 9. Qb3 Qc7 10. e4 O-O 11. Nd2 Nh5 12. Be3 f5 13. exf5 Bxf5 14. Be2 Nf6 15.
h3 Na6 16. a3 Rab8 17. Nb5 Qe7 18. O-O Nc7 19. Nxc7 Qxc7 20. a4 a6 21. a5 b5
22. axb6 Rxb6 23. Qa2 Be4 24. Nxe4 Nxe4 25. Qc4 Qe7 26. Bg4 Rb4 27. Qd3 Qe5 28.
Rab1 c4 29. Qc2 Qxd5 30. Rfd1 Qc6 31. Be6+ Kh8 32. Bd5 Qb5 33. Bxe4 Rxb2 34.
Rxb2 Bxb2 35. Rb1 Rb8 36. Rxb2 1-0

[Event "Superettan(Limhamn II-Burgsvik)"]
[Site "?"]
[Date "2015.03.20"]
[Round "7"]
[White "Astrom, Lars"]
[Black "Andersson, Bjorn"]
[Result "0-1"]
[WhiteElo "2108"]
[BlackElo "2223"]
[PlyCount "80"]

1. e4 c5 2. c3 d5 3. exd5 Qxd5 4. d4 Nc6 5. Nf3 Bg4 6. Be2 e6 7. O-O Nf6 8. h3
Bh5 9. Be3 O-O-O 10. Qa4 Nd7 11. Rd1 Nb6 12. Qc2 c4 13. b3 f6 14. Nbd2 Na5 15.
b4 Bg6 16. Qb2 Nc6 17. a4 Bd3 18. Bxd3 cxd3 19. a5 Nc4 20. Nxc4 Qxc4 21. b5 Ne7
22. Nd2 Qc7 23. c4 Nf5 24. b6 axb6 25. axb6 Qc6 26. d5 exd5 27. cxd5 Qxd5 28.
Qc3+ Kd7 29. Nf3 Ke6 30. Ra4 Kf7 31. Nd4 Nxe3 32. fxe3 Bc5 33. Rxd3 Bxb6 34.
Qb2 Bc5 35. Ra5 Rhe8 36. Rb5 b6 37. Qb3 Qxb3 38. Rdxb3 Rxe3 39. Rxe3 Bxd4 40.
Kf2 Re8 0-1

[Event "Superettan(Limhamn II-Burgsvik)"]
[Site "?"]
[Date "2015.03.20"]
[Round "7"]
[White "Packalen, Marcus"]
[Black "Nylen, Anders"]
[Result "1/2-1/2"]
[WhiteElo "2151"]
[BlackElo "2087"]
[PlyCount "41"]

1. c4 Nf6 2. Nc3 d5 3. cxd5 Nxd5 4. e4 Nxc3 5. dxc3 Qxd1+ 6. Kxd1 e5 7. Be3 Be6
8. Nf3 f6 9. Nd2 Nd7 10. Bc4 Bxc4 11. Nxc4 Bc5 12. Ke2 Bxe3 13. Kxe3 Nb6 14.
Nxb6 axb6 15. a3 Ke7 16. Rad1 Rhd8 17. Ke2 Rac8 18. Rhe1 Ra8 19. Rh1 Rac8 20.
Rhe1 Ra8 21. Rh1 1/2-1/2

[Event "Superettan(Limhamn II-Burgsvik)"]
[Site "?"]
[Date "2015.03.20"]
[Round "7"]
[White "Karlsson, Ulf"]
[Black "Larsson, Victor"]
[Result "0-1"]
[WhiteElo "2022"]
[BlackElo "2134"]
[PlyCount "80"]

1. e4 c5 2. Nc3 Nc6 3. g3 g6 4. Bg2 Bg7 5. d3 d6 6. f4 e6 7. Nf3 Nge7 8. O-O
O-O 9. Be3 Nd4 10. e5 Bd7 11. Ne4 Nef5 12. Bf2 Bc6 13. c3 Nxf3+ 14. Bxf3 dxe5
15. fxe5 Bxe5 16. Nxc5 Qc7 17. Bxc6 Qxc6 18. d4 Bg7 19. Qe2 Rad8 20. Rad1 h5
21. Qe4 Qxe4 22. Nxe4 b5 23. h3 b4 24. Rd3 bxc3 25. bxc3 Rc8 26. Rb1 Rc4 27.
Kg2 e5 28. g4 hxg4 29. hxg4 Nh6 30. Kg3 Nxg4 31. Nd2 Nxf2 32. Kxf2 Ra4 33. dxe5
Rxa2 34. Rb5 Re8 35. Kf3 Rxe5 36. Rb8+ Kh7 37. Kg4 Bh6 38. Nf3 Re4+ 39. Kg3
Bf4+ 40. Kh3 Bxb8 0-1